Estampillas /

Sparad:
Bibliografiska uppgifter
Huvudupphov: Bertrab Erdmann, Guillermo von (autor)
Materialtyp: Bok
Språk:spanska
Utgiven: Guadalajara, México: edición de autor, 2004, c2004
Ämnen:
Taggar: Lägg till en tagg
Inga taggar, Lägg till första taggen!

MARC

LEADER 00000nam^a2200000^a^4500
001 000165509
005 20250521000000.0
009 20260310101021.881
037 |a Acervo ITESO - Biblioteca 
041 |a ESP 
082 |a 866.  |b BER 
100 |a Bertrab Erdmann, Guillermo von  |e (autor) 
245 1 0 |a Estampillas /  |c G. von Bertrab Erdmann. 
264 4 |a Guadalajara, México:  |b edición de autor,  |c 2004, c2004 
300 |a 191 p. 
336 |a texto  |b txt  |2 rdacontenido 
337 |a sin mediación  |b n  |2 rdamedio 
338 |a volumen  |b nc  |2 rdasoporte 
561 |a Obra autografiada para Margarita Villalobos 
649 |a XX 
650 |a Cartas Mexicanas 
650 |a Literatura Mexicana -  |y Siglo XX 
650 |a Amor en la Literatura 
910 |a Fondo General 
920 |a Impresos - Libros 
930 |a Colección General 
940 |a Literatura 
905 |a 101 
901 |a 0500100312  |b IT1  |c LIT  |u 20250521 
902 |a https://opac.biblio.iteso.mx/vufind/Record/000165509